• 首页
  • 本馆介绍
  • 公告通知
  • 最新文献
  • 馆藏检索
  • 电子资源
  • 读者导购
  • 参考咨询
  • 我的图书馆
  • 登录
  • 详细信息显示
  • 放入我的书架
  • 预约/预借图书
  • 作者相关作品
  • 分类相关作品
  • 丛书相关作品
  • 出版社相关作品

书目信息

  • 表格格式
  • 工作单格式
  • 卡片格式
题名:
煤热解的耦合技术一体化
    
 
作者: 马宝岐 编著
分册:  
出版信息: 北京   化学工业出版社  2021.1
页数: 272页
开本: 24cm
丛书名:
单 册:
中图分类: TQ530.2
科图分类:
主题词: 耦合--应用--煤炭--高温分解
电子资源:
ISBN: 978-7-122-38153-8
000 00966nam0 2200241 45
001 012001001790
005 20140912133131.0
010    @a978-7-122-38153-8@dCNY128.00
100    @a20210312d2021 em y0chiy50 ea
101 0  @achi
102    @aCN@b110000
105    @ay z 000yy
106    @ar
200 1  @a煤热解的耦合技术一体化@Amei re jie de ou he ji shu yi ti hua@f马宝岐[等]编著
210    @a北京@c化学工业出版社@d2021.1
215    @a272页@d24cm
304    @a编著者还有:赵杰、史剑鹏、周秋成
330    @a本书介绍了煤热解耦合技术一体化的基本内涵及主要特点,对煤热解与半焦活化耦合一体化、煤热解与半焦气化耦合一体化、煤热解与气相焦油裂解耦合一体化、煤热解与电石制备耦合一体化、煤热解与气基直接还原炼铁耦合一体化、煤热解与甲烷活化耦合一体化、煤热解与其他技术耦合一体化等进行了论述。
606 0  @a耦合@x应用@x煤炭@x高温分解
690    @aTQ530.2@v5
701  0 @a马宝岐@Ama bao qi@4编著
801  0 @aCN@bBJSDL@c20211011
905    @b1337225-8@dTQ530.2@e100@f4
    
    煤热解的耦合技术一体化/马宝岐[等]编著.-北京:化学工业出版社,2021.1
    272页;24cm
    
    
    ISBN 978-7-122-38153-8:CNY128.00
    本书介绍了煤热解耦合技术一体化的基本内涵及主要特点,对煤热解与半焦活化耦合一体化、煤热解与半焦气化耦合一体化、煤热解与气相焦油裂解耦合一体化、煤热解与电石制备耦合一体化、煤热解与气基直接还原炼铁耦合一体化、煤热解与甲烷活化耦合一体化、煤热解与其他技术耦合一体化等进行了论述。
●
相关链接 在E读中查询图书 在五车中查询图书 在当当中查询图书 在豆瓣中查询图书


正题名:煤热解的耦合技术一体化     索取号:TQ530.2/100         预约/预借

序号 登录号 条形码 馆藏地/架位号 状态 备注
1 1337225   213372250   第二样本阅览室/ [索取号:TQ530.2/100] 在馆    
2 1337226   213372269   第三借阅区/ [索取号:TQ530.2/100] 在馆    
3 1337227   213372278   第三借阅区/ [索取号:TQ530.2/100] 在馆    
4 1337228   213372287   第三借阅区/ [索取号:TQ530.2/100] 在馆    
唐山师范学院图书馆 欢迎您!
大连网信软件有限公司© 版权所有